000 00711nam a2200205Ia 4500
003 GCL
008 140319s9999 xx 000 0 ara d
040 _aGCL /
_cGCL
082 0 4 _a813.01
_bم ا
100 1 _aمحمد عبدالرحمن ابوعوف
245 1 0 _aاوراق الحب والعطش (هدية من الاديب عبدالفتاح الجمل) /
_cمحمد عبدالرحمن ابوعوف
700 1 _aابراهيم فتحى
700 1 _aمحمد عبدالرحمن
260 _a[S.N] :
_bدار شهدى للنشر ،
_c1983
300 _a111 ص
490 _aكتاب
_v0
650 0 4 _aالادب العربى
650 0 4 _aالقصص العربية القصيرة
942 _2ddc
_cBK
999 _c29433
_d29433